000
00326nam a22001457a 4500
999
_c
162301
_d
162301
082
_a
_b
100
_a
Sharma J D
245
_a
A handbook of classical myths and legends/
_c
by Sharma J D.
260
_a
New Delhi:
_b
Radhakrishna,
_c
1990.
300
_a
126p.
600
_a
650
_a
700
_a
942
_c
BK